Aplikácia produktovej a technologickej inovácie v podnikoch cestovného ruchu na Slovensku a jej hodnotenie

Hodnotenie a zameranie inovačných aktivít ako parametra konkurenčnej schopnosti podniku cestovného ruchu. Využitie technologických inovácií v kúpeľných podnikoch.

Uložené v:
Podrobná bibliografia
Hlavný autor: Kubičková, Viera, 1970-
Médium: Kapitola
Jazyk:Slovak
Predmet:
Tagy: Pridať tag
Žiadne tagy, Buďte prvý, kto otaguje tento záznam!

MARC

LEADER 00000naa$a2200000$$$4500
001 0051472
005 20240502071613.5
041 0 |a slo 
044 |a SK 
245 1 0 |a Aplikácia produktovej a technologickej inovácie v podnikoch cestovného ruchu na Slovensku a jej hodnotenie  |c Viera Kubičková 
520 |a Hodnotenie a zameranie inovačných aktivít ako parametra konkurenčnej schopnosti podniku cestovného ruchu. Využitie technologických inovácií v kúpeľných podnikoch. 
610 2 0 |a inovácia 
610 2 0 |a ruch cestovný 
610 2 0 |a ruch cestovný kúpeľný 
610 2 0 |a konkurencieschopnosť 
610 2 0 |a podnik 
610 2 0 |a kúpeľníctvo 
610 2 0 |a stratégia inovačná 
610 2 0 |a technológie informačné 
610 2 0 |a technológie komunikačné 
100 1 |a Kubičková, Viera, 1970-